000 02917cam a2200421Ia 4500
001 86080
005 20230410120715.0
008 000509s1999 nyua b 001 0 eng d
035 _a(OCoLC)ocm44013125
040 _aISN
_cISN
_dBAKER
_dBTCTA
_dNZAUC
_dYDXCP
_dOCLCG
020 _a0609805606
020 _a9780609805602
029 1 _aNZ1
_b5844774
035 _a(OCoLC)44013125
050 1 4 _aHQ 799.15
_bR577s 1999
082 0 0 _a305.42
100 1 _aRimm, Sylvia B.,
_d1935-
245 1 0 _aSee Jane win :
_bthe Rimm report on how 1,000 girls became successful women /
_cSylvia Rimm with Sara Rimm-Kaufman and Ilonna Rimm.
250 _a1st ed.
260 _aNew York :
_bThree Rivers Press,
_cc1999.
300 _a361 p. :
_bill. ;
_c24 cm.
504 _aIncludes bibliographical references (p. 345-347) and index.
505 0 _aOne thousand successful women: twenty guidelines for raising your daughters. Turning roadblocks and reversals into opportunities: Dr. Janice Douglas ; A renewed identity-mountains to climb: Suzanne Daniels -- The American dream for your daughters: be a coach, not a judge. She learned that women are strong: Margaret Karnes ; No one ever told her what she couldn't do: Dr. Ana Casa -- Good little girls aren't so bad. How "good little girls" shatter glass ceilings: Susan Widham ; She broke with tradition: Nancy Collier -- See Jane learn: that invaluable education. When a woman is an "uncommon man": Dr. Diane Butler ; Finding a career that combines people and science: Angela Sands -- Active girls, active women. A family surrounded by music: Louise Andrews ; Capturing the "pulse of young women": Helen Gurley Brown -- See Jane win, and other formative experiences. An independent "fire-eater": Catherine Burns, Ph. D. ; Spiritual passion permeated her childhood: Rabbi Miriam Kane -- Sociability, shyness, and insecurity: peer relationships. Making her mark: Donna Draves -- Parents do make a difference: family relationships. Searching for balance and the right path: Diana Doyle ; Hardworking and creative, but her family is her center: Dr. Alyssa Gaines -- See Jane go: young adult resilience. Resilient and optimistic, she just wouldn't quit: Sandra Sheets ; Madame Curie was her role model: Dr. Anne Caroles -- See Jane stop: glass ceilings, sticky floors, and circuitous stairways.
650 0 _aParent and teenager.
650 0 _aTeenage girls
_xPsychology.
650 0 _aSelf-perception in adolescence.
650 0 _aSelf-esteem in adolescence.
650 0 _aSuccess
_xPsychological aspects.
650 0 _aAchievement motivation in women.
700 1 _aRimm-Kaufman, Sara.
700 1 _aRimm, Ilonna Jane.
938 _aBaker & Taylor
_bBKTY
_c14.95
_d11.21
_i0609805606
_n0003452914
_sactive
938 _aBaker and Taylor
_bBTCP
_nbl 00007624
938 _aYBP Library Services
_bYANK
_n1661972
942 _2lcc
_cbk
994 _aC0
_bDRFGD
946 _aMF
999 _c50265
_d50265